000 006140000a22001810004500
041 0 _aSPA
082 0 4 _aG 266.360 C2951h
100 1 _aCarpenter, George Wayland
245 1 0 _aHacia dónde va el África? Estudio de la situación política, social y religiosa del continente africano / George Wayland Carpenter ; Adam F. Sosa, Traductor
260 _aBuenos Aires, Argentina : La Aurora
300 _a159 Pag
500 _aTítulo original : The way in Africa
001 7751
942 _cBK
999 _c37956
_d37956
336 _atexto
_btxt
_2rdacontent
337 _2rdamedia
_asin mediación
_bn
338 _2rdacarrier
_avolumen
_bnc